[Event "Czech Open B 2013"]
[Site "Pardubice CZE"]
[Date "2013.07.22"]
[Round "4.2"]
[White "Ott,Florian"]
[Black "Mueller,Fab"]
[Result "0-1"]
[WhiteElo "2071"]
[BlackElo "2320"]

1.Nf3 Nf6 2.c4 c5 3.Nc3 e6 4.g3 b6 5.Bg2 Bb7 6.O-O Be7 7.Re1 Ne4 8.Nxe4 Bxe4
9.d3 Bb7 10.e4 O-O 11.d4 cxd4 12.Nxd4 Nc6 13.e5 Qb8 14.Nb5 a6 15.Nd6 Bxd6
16.exd6 Nd8 17.Bf1 Qc8 18.Re3 Qc6 19.f3 f5 20.Rb3 Rb8 21.Be3 Ba8 22.c5 b5
23.a4 b4 24.Qe2 Nf7 25.Bf2 Ng5 26.Bg2 a5 27.Qe3 h6 28.h4 Nh7 29.Bf1 Nf6 30.Bb5 Qc8
31.Rd3 Bc6 32.Bxc6 Qxc6 33.b3 Qc8 34.Rc1 Qe8 35.Rdd1 Rc8 36.c6 Rxc6 37.Rxc6 dxc6
38.Re1 Nd7 39.Qa7 f4 40.g4 h5 41.Qxa5 hxg4 42.fxg4 c5 43.Qb5 e5 44.Qc4+ Qf7
45.Rc1 Qxc4 46.Rxc4 Rc8 47.Be1 Ra8 48.Bf2 Ra5 49.h5 Kf7 50.Bh4 Ke6 51.Be7 Ra8
52.Kf2 Rc8 53.Rc1 c4 54.bxc4 b3 55.g5 b2 56.Rb1 Rxc4 57.Rxb2 Rxa4 58.Rb7 e4
59.g6 Ra2+ 60.Kf1 f3 61.Rb3 Rh2 62.Re3 Kf5 63.Ra3 Rxh5 64.Ra5+ Kxg6 65.Rxh5 Kxh5  0-1

[Event "VIII Vladimir Dvorkovich Open"]
[Site "Taganrog RUS"]
[Date "2013.07.22"]
[Round "1.4"]
[White "Rasstriguine,A"]
[Black "Andreev,Ed UKR"]
[Result "0-1"]
[WhiteElo "2105"]
[BlackElo "2501"]

1.Nf3 Nf6 2.c4 c5 3.Nc3 g6 4.g3 Bg7 5.Bg2 Nc6 6.d4 cxd4 7.Nxd4 O-O 8.Nc2 d6
9.Rb1 Bf5 10.e4 Bg4 11.f3 Be6 12.b3 a6 13.a4 Nd7 14.Bd2 Qb6 15.Nd5 Bxd5 16.cxd5 Nd4
17.Ne3 Rac8 18.a5 Qa7 19.Bf1 Ne5 20.Be2 Rc7 21.f4 Nd7 22.Kf1 Nxe2 23.Qxe2 Qd4
24.Nc4 Nc5 25.Kg2 Nxe4 26.Be3 Qxd5 27.Nb6 Qxa5 28.Nc4 Qb5 29.Bb6 Nc3  0-1

[Event "36th Taminco Open"]
[Site "Ghent BEL"]
[Date "2013.07.24"]
[Round "9.14"]
[White "Cordts,I"]
[Black "De Herdt,Y"]
[Result "1/2-1/2"]
[WhiteElo "2296"]
[BlackElo "2143"]

1.Nf3 c5 2.c4 Nf6 3.Nc3 g6 4.d4 cxd4 5.Nxd4 Nc6 6.g3 d6 7.Bg2 Bd7 8.b3 Bg7
9.Bb2 O-O 10.O-O Nxd4 11.Qxd4 Bc6 12.Nd5 Bxd5 13.Bxd5 Nh5 14.Qd2 Bxb2 15.Qxb2 Rb8
16.Qd2 Nf6 17.Qh6 Nxd5 18.cxd5 Rc8 19.Rfd1 Qb6 20.e3 Rc7 21.h4 e5 22.dxe6 fxe6
23.h5 Rg7 24.Rac1 d5 25.Rc2 Qd6 26.Kg2 Qe5 27.Rdc1 Qe4+ 28.Kg1 Qf3 29.hxg6 Rxg6
30.Qh3 h5 31.Rd2 Rf7 32.Rc8+ Rf8 33.Rxf8+ Kxf8 34.Qh4 Rf6 35.Qb4+ Kg8 36.Qxb7 h4
37.Qb8+ Kh7 38.Qxa7+ Rf7 39.Qd4 hxg3 40.Qh4+ Kg8 41.Qd8+ Kh7 42.Qh4+ Kg8
43.Qd8+ Kh7 44.Qh4+  1/2-1/2

[Event "Czech Open A 2013"]
[Site "Pardubice CZE"]
[Date "2013.07.27"]
[Round "9.4"]
[White "Lalith,B"]
[Black "Simantsev,M"]
[Result "1-0"]
[WhiteElo "2571"]
[BlackElo "2473"]

1.Nf3 c5 2.c4 Nf6 3.Nc3 e6 4.g3 b6 5.Bg2 Bb7 6.O-O Be7 7.Re1 d5 8.cxd5 Nxd5
9.e4 Nb4 10.d4 cxd4 11.Nxd4 N8c6 12.Nce2 Nxd4 13.Nxd4 O-O 14.Be3 Bc5 15.a3 Bxd4
16.Bxd4 Nc6 17.Bc3 e5 18.Qa4 Qe7 19.Rad1 Rfd8 20.Rd5 a6 21.Qd1 Qc7 22.Qh5 f6
23.Bh3 Nd4 24.Rxd8+ Rxd8 25.Bxd4 exd4 26.Be6+ Kh8 27.Bf5 g5 28.e5 fxe5 29.Qxg5 Re8
30.Qh5 Rd8 31.Qh6 Qg7 32.Qxb6 Rf8 33.Bd3 Qf7 34.f4 exf4 35.Qxd4+ Qf6 36.Qxf6+ Rxf6
37.Re8+ Kg7 38.Re7+ Rf7 39.Rxf7+ Kxf7 40.gxf4  1-0

[Event "VIII Vladimir Dvorkovich Open"]
[Site "Taganrog RUS"]
[Date "2013.07.27"]
[Round "6.13"]
[White "Pavlov,Nikolay"]
[Black "Mandrikin,I"]
[Result "1-0"]
[WhiteElo "2127"]
[BlackElo "2311"]

1.c4 c5 2.Nf3 Nf6 3.Nc3 b6 4.g3 Bb7 5.Bg2 e6 6.O-O Be7 7.d4 cxd4 8.Qxd4 d6
9.Bg5 a6 10.Bxf6 Bxf6 11.Qf4 O-O 12.Rfd1 Be7 13.Ne4 e5 14.Qe3 Qc7 15.b3 Nd7
16.Nc3 Nf6 17.Ne1 Rac8 18.Rac1 h6 19.Qd3 Rfe8 20.a4 e4 21.Qd2 Qc5 22.Nc2 Ng4
23.e3 Qh5 24.h3 Ne5 25.Ne1 Nf3+ 26.Nxf3 exf3 27.Bf1 Rcd8 28.Nd5 Bc8 29.Qd4 g5
30.Kh2 Qg6 31.Qxb6 Bf8 32.c5 Bg7 33.Ne7+  1-0

[Event "15th TCh-Eur Senior"]
[Site "Dresden GER"]
[Date "2013.07.28"]
[Round "9"]
[White "Lehmann,KH1"]
[Black "Rooze,J"]
[Result "1/2-1/2"]
[WhiteElo "2114"]
[BlackElo "2386"]

1.Nf3 Nf6 2.c4 c5 3.Nc3 b6 4.g3 Bb7 5.Bg2 g6 6.O-O Bg7 7.d4 cxd4 8.Nxd4 Bxg2
9.Kxg2 Qc7 10.Qd3 Na6 11.b3 O-O 12.Bb2 Qb7+ 13.Qf3 Qxf3+ 14.Kxf3  1/2-1/2

[Event "Politiken Cup 2013"]
[Site "Helsingor DEN"]
[Date "2013.07.28"]
[Round "2.92"]
[White "Green,Per"]
[Black "Hansen,Ole Foss"]
[Result "1-0"]
[WhiteElo "1967"]
[BlackElo "1779"]

1.Nf3 Nf6 2.c4 c5 3.Nc3 d5 4.cxd5 Nxd5 5.d4 e6 6.e4 Nxc3 7.bxc3 a6 8.Be2 b5
9.a4 b4 10.cxb4 cxd4 11.b5 Bc5 12.Qc2 Nd7 13.O-O Bb7 14.Bb2 axb5 15.Bxb5 Rc8
16.Qe2 Qf6 17.Bxd7+ Kxd7 18.Qb5+ Kd6 19.e5+  1-0

[Event "9th Tabor Open 2013"]
[Site "Tabor CZE"]
[Date "2013.07.28"]
[Round "1.22"]
[White "Johansson,Th2"]
[Black "Rychtecky,P"]
[Result "1-0"]
[WhiteElo "2152"]
[BlackElo "1741"]

1.Nf3 Nf6 2.c4 e6 3.Nc3 c5 4.g3 Nc6 5.Bg2 a6 6.O-O Be7 7.b3 O-O 8.Bb2 d5
9.cxd5 exd5 10.d4 Be6 11.Rc1 Rc8 12.dxc5 Bxc5 13.Na4 Ba7 14.Nc5 Bxc5 15.Rxc5 Ne4
16.Rc1 Qd7 17.Nd4 Nxd4 18.Qxd4 f6 19.Rcd1 f5 20.Rc1 Nf6 21.Qf4 Rxc1 22.Rxc1 Rc8
23.Rd1 Rd8 24.Bxf6 gxf6 25.Qd4 Kg7 26.e3 Qc6 27.Bf3 Qd6 28.Kg2 Rd7 29.Qb2 Rc7
30.Rd4 b6 31.Qd2 Rd7 32.Be2 a5 33.Bd3 Qc6 34.Qe2 Qc5 35.Qh5 Qd6 36.Bxf5 Bxf5
37.Qxf5 Kh8 38.e4 Qe5 39.Qxe5 fxe5 40.Rxd5 Rxd5 41.exd5 Kg7 42.Kf3  1-0

[Event "Politiken Cup 2013"]
[Site "Helsingor DEN"]
[Date "2013.07.29"]
[Round "4.142"]
[White "Yilmaz,Kazim"]
[Black "Edwardsson,Hannu Kalervo"]
[Result "1-0"]
[WhiteElo "1651"]
[BlackElo "1474"]

1.Nf3 Nf6 2.c4 c5 3.Nc3 e6 4.e4 d6 5.d3 e5 6.Be2 Be7 7.O-O O-O 8.Be3 Nc6
9.Ne1 Be6 10.f4 exf4 11.Bxf4 Nd4 12.Nf3 Nxe2+ 13.Qxe2 Bg4 14.h3 Bxf3 15.Rxf3 a6
16.Raf1 Nh5 17.Bh2 Nf6 18.g4 Nd7 19.Nd5 Ne5 20.Bxe5 dxe5 21.Kg2 f6 22.h4 Bd6
23.Rh1 h6 24.b3 a5 25.a4 Rb8 26.Qe3 Bc7 27.Qxc5 Bd6 28.Qf2 b6 29.Qg3 Bc5
30.Rhf1 Bd4 31.Rf5 Bc5 32.g5 fxg5 33.hxg5 Rxf5 34.Rxf5 hxg5 35.Rxg5 Qf8 36.Rf5 Qe8
37.Nf6+  1-0

[Event "10th Plancoet Open A"]
[Site "Plancoet FRA"]
[Date "2013.07.29"]
[Round "2.27"]
[White "De Wit,T"]
[Black "Miron,L"]
[Result "0-1"]
[WhiteElo "2293"]
[BlackElo "2544"]

1.c4 Nf6 2.Nc3 c5 3.Nf3 d5 4.cxd5 Nxd5 5.g3 Nc6 6.Bg2 Nc7 7.O-O e5 8.Ne1 Bd7
9.Nd3 Bd6 10.Ne4 Qe7 11.b3 O-O 12.Bb2 Rae8 13.f4 exf4 14.Nxd6 Qxd6 15.Nxf4 b6
16.Rc1 Ne6 17.e3 Nb4 18.d4 Nxa2 19.Ra1 Nb4 20.Rxa7 Bb5 21.dxc5 Qxc5 22.Qg4 Qxe3+
23.Rf2 Nd3 24.Nxd3 Bxd3 25.Bd5 Bg6 26.b4 Ng5 27.h4 Ne4 28.Bxf7+ Rxf7 29.Rxf7 Nxf2
30.Rxf2 Rf8 31.Qc4+ Kh8 32.Qd4 Qe1+ 33.Kg2 Rxf2+ 34.Qxf2 Be4+  0-1

[Event "VIII Vladimir Dvorkovich Open"]
[Site "Taganrog RUS"]
[Date "2013.07.29"]
[Round "8.10"]
[White "Pavlov,Nikolay"]
[Black "Kononenko,Dmitry2"]
[Result "0-1"]
[WhiteElo "2127"]
[BlackElo "2285"]

1.c4 c5 2.Nf3 Nf6 3.Nc3 g6 4.g3 Nc6 5.Bg2 d6 6.O-O Bg7 7.d4 cxd4 8.Nxd4 Bd7
9.e3 Qc8 10.Re1 Bh3 11.Bh1 h5 12.b3 h4 13.Qe2 hxg3 14.hxg3 Kf8 15.Bb2 Bg4
16.f3 Bd7 17.Rad1 Ne5 18.e4 Qc5 19.Nd5 Rh3 20.Qf2 Nc6 21.Bg2 Rxg3 22.Qxg3 Nxd5
23.Qf2 Nf4 24.Nxc6 Qxf2+ 25.Kxf2 Bxb2 26.Nd4 Bc3 27.Rh1 Kg7 28.Ne2 Be5 29.Nxf4 Bxf4
30.Bh3 Bc6 31.Rd3 Kf6 32.Rc3 a5 33.Rd1 b6 34.a3 Rh8 35.Bg2 Bd7 36.Rc2 Rc8
37.Bf1 Be6 38.Bd3 Rh8 39.Rg1 Rh2+ 40.Rg2 Rh1 41.Ke2 Bh3 42.Rf2 Rb1 43.b4 axb4
44.axb4 Rxb4 45.Ra2 Bg3 46.Ke3 Bxf2+ 47.Rxf2 Be6 48.Kd4 g5 49.Kc3 Ra4 50.Rb2 Ke5
51.Rxb6 Ra3+ 52.Kd2 Kd4 53.Be2 Bxc4 54.Bxc4 Kxc4 55.Ke2 Kd4  0-1

[Event "9th Tabor Open 2013"]
[Site "Tabor CZE"]
[Date "2013.07.31"]
[Round "5.26"]
[White "Rous,D"]
[Black "Vesely,Vitek"]
[Result "1/2-1/2"]
[WhiteElo "2041"]
[BlackElo "1824"]

1.Nf3 Nf6 2.c4 e6 3.Nc3 c5 4.g3 b6 5.Bg2 Bb7 6.O-O Be7 7.d4 cxd4 8.Qxd4 d6
9.Rd1 a6 10.b3 Nbd7 11.Bb2 O-O 12.Rac1 Qb8 13.Qf4 Nh5 14.Qe3 Nhf6 15.Nd4 Bxg2
16.Kxg2 Qb7+ 17.Kg1 Ne5 18.h3 Rfc8 19.a4 Nc6 20.g4 Na5 21.g5 Ne8 22.Ne4 Rd8
23.b4 Nxc4 24.Rxc4 d5 25.Nc6 dxc4 26.Nxd8 Rxd8 27.Rxd8 Bxd8 28.Nd6 Qe7 29.Nxe8 Qxe8
30.Qd4 e5 31.Qd5 Bxg5 32.b5 axb5 33.axb5 h6 34.Qxc4 Qd7 35.Kg2 Qf5 36.e4 Qg6
37.Qc8+ Kh7 38.Qf5 Qxf5 39.exf5 f6 40.Kf3 Bd2 41.Ke4 g6 42.f3 Bb4 43.Bc1 Bc5
44.Bd2 h5 45.Bc1 Kg7 46.Bd2 Kf7 47.Bc1 Kg7 48.Bd2 Kf7 49.Bc1  1/2-1/2

[Event "9th Tabor Open 2013"]
[Site "Tabor CZE"]
[Date "2013.07.31"]
[Round "5.13"]
[White "Johansson,Th2"]
[Black "Zadrapa,R"]
[Result "1/2-1/2"]
[WhiteElo "2152"]
[BlackElo "2045"]

1.Nf3 Nf6 2.c4 c5 3.Nc3 g6 4.d4 cxd4 5.Nxd4 Bg7 6.e4 d6 7.Be2 O-O 8.Be3 Nc6
9.O-O Bd7 10.f3 Rc8 11.Qd2 Re8 12.Rfd1 Ne5 13.b3 b6 14.Rac1 a6 15.a4 Nc6
16.Nxc6 Bxc6 17.e5 Nd7 18.exd6 exd6 19.Bd4 Bf8 20.Bf2 Nc5 21.Rb1 Qe7 22.Bf1 Qb7
23.Nd5 Re6 24.Nb4 Rce8 25.Nd5 Rd8 26.Bh4 Rb8 27.Bf2 Rbe8 28.g3 Rd8 29.Bh3 Re5
30.Bd4 Bxd5 31.cxd5 Rxd5 32.Qc3 Ne6 33.Bf6 Re8 34.Bg2 Rxd1+ 35.Rxd1 Qc8 36.Qxc8 Rxc8
37.Bf1 a5 38.Ba6 Rc7 39.Bd3 Rc8 40.Bc4 h5  1/2-1/2

[Event "9th Tabor Open 2013"]
[Site "Tabor CZE"]
[Date "2013.08.01"]
[Round "6.16"]
[White "Kozak,Mi"]
[Black "Toman,Ondrej"]
[Result "1-0"]
[WhiteElo "2169"]
[BlackElo "2061"]

1.Nf3 Nf6 2.c4 c5 3.Nc3 e6 4.g3 b6 5.Bg2 Bb7 6.O-O Be7 7.d4 cxd4 8.Qxd4 O-O
9.Rd1 d6 10.Bg5 Nbd7 11.Nb5 e5 12.Qe3 Qb8 13.Nh4 d5 14.cxd5 Bc5 15.Qf3 e4
16.Qf5 g6 17.Qf4 Qxf4 18.Bxf4 Ng4 19.e3 f5 20.Bf1 Kg7 21.Nc7 Rac8 22.Ne6+ Kf6
23.Nxf8 Rxf8 24.h3 Nge5 25.Bxe5+ Kxe5 26.Bb5 Nf6 27.Bc6 Ba6 28.a3 Bd3 29.b4 Bd6
30.Ng2 Bb8 31.Nf4 Ba6 32.b5 Bc8 33.h4 Bd6 34.a4 Rd8 35.a5 Bc5 36.axb6 Bxb6
37.Rac1 Ng4 38.Rc3 Ba5 39.Ra3 Bb6 40.Rda1 Rd6  1-0

[Event "100th ch-GBR 2013"]
[Site "Torquay ENG"]
[Date "2013.08.01"]
[Round "4.42"]
[White "Thompson,Robert"]
[Black "Smith,An"]
[Result "0-1"]
[WhiteElo "1978"]
[BlackElo "2110"]

1.Nf3 c5 2.c4 Nf6 3.Nc3 d5 4.cxd5 Nxd5 5.g3 Nc6 6.Bg2 Nc7 7.O-O e5 8.d3 Be7
9.Nd2 Bd7 10.Nc4 f6 11.Qb3 Rb8 12.Nd5 Nxd5 13.Bxd5 Nd4 14.Qd1 Bg4 15.Bf3 Nxf3+
16.exf3 Bf5 17.Qb3 b5 18.Nd2 Bxd3 19.Re1 c4 20.Qd1 O-O 21.Ne4 Bb4 22.Bd2 Bxd2
23.Qxd2 Bxe4 24.Qxd8 Rfxd8 25.fxe4 Rd2 26.Rab1 Rbd8 27.Kf1 R8d4 28.a3 a5
29.Re3 Rc2  0-1

[Event "Politiken Cup 2013"]
[Site "Helsingor DEN"]
[Date "2013.08.02"]
[Round "8.27"]
[White "Percivaldi,Martin"]
[Black "Arvola,B"]
[Result "0-1"]
[WhiteElo "2178"]
[BlackElo "2347"]

1.Nf3 c5 2.c4 Nf6 3.Nc3 e6 4.e3 Be7 5.d4 cxd4 6.exd4 O-O 7.Bd3 d5 8.O-O dxc4
9.Bxc4 a6 10.a3 b5 11.Ba2 Bb7 12.Bg5 h6 13.Bh4 Nbd7 14.Qd3 Nc5 15.Qc2 Nce4
16.Qd3 Rc8 17.Bxf6 Nxf6 18.Rad1 Qc7 19.Ne5 b4 20.axb4 Bxb4 21.Rc1 Qa5 22.Bb1 Rfd8
23.Qe3 Qb6 24.Ne2 Bd6 25.Nf4 Rxc1 26.Rxc1 Qxb2 27.Re1 Bxe5 28.dxe5 Ng4 29.Qg3 Qxe5
30.f3 Qd4+ 31.Kf1 Ne3+ 32.Kg1 Nc2+  0-1

[Event "5th Rethymno Open"]
[Site "Rethymno GRE"]
[Date "2013.08.02"]
[Round "7.10"]
[White "Kharitonov,Alexandr"]
[Black "Naoum,S"]
[Result "1-0"]
[WhiteElo "2538"]
[BlackElo "2207"]

1.c4 Nf6 2.Nf3 g6 3.Nc3 c5 4.d4 cxd4 5.Nxd4 d6 6.g3 Nc6 7.Bg2 Bd7 8.e3 Bg7
9.O-O O-O 10.b3 Qc8 11.Re1 Re8 12.Bb2 Nxd4 13.exd4 Bc6 14.d5 Bd7 15.Qd2 Bh3
16.Bh1 Qf5 17.Re2 Ng4 18.f3 Ne5 19.f4 Ng4 20.Ne4 Bxb2 21.Qxb2 Nf6 22.Rae1 Nxe4
23.Rxe4 e6 24.Qd4 Rad8 25.Qxa7 Qf6 26.Qf2 Kf8 27.dxe6 fxe6 28.Qd4 e5 29.fxe5 dxe5
30.Qf2 Qxf2+ 31.Kxf2 Rd2+ 32.R4e2 Red8 33.Bxb7 Bg4 34.Bf3 Bf5 35.Bd5 Rxe2+
36.Rxe2  1-0

[Event "9th Tabor Open 2013"]
[Site "Tabor CZE"]
[Date "2013.08.02"]
[Round "7.11"]
[White "Bjarnehag,P"]
[Black "Dvorak,A"]
[Result "1/2-1/2"]
[WhiteElo "2185"]
[BlackElo "2056"]

1.Nf3 c5 2.c4 Nf6 3.Nc3 e6 4.g3 b6 5.Bg2 Bb7 6.d4 cxd4 7.Qxd4 Be7 8.Bg5 O-O
9.Rd1 a6 10.O-O h6 11.Bf4 Nc6 12.Qd3 Rc8 13.b3 Nb4 14.Qd2 d5 15.a3 Nc6 16.cxd5 exd5
17.Nxd5 Nxd5 18.Qxd5 Qxd5 19.Rxd5 Bxa3 20.Rd7 Na5 21.Bd6 Bxd6 22.Rxd6 Rc3
23.Rxb6 Rxb3 24.Rb1 Rxb1+ 25.Rxb1 Ra8 26.Rb4 Ra7 27.Ne5 Bxg2 28.Kxg2 Kf8
29.e3 g6 30.h4 Ke8 31.h5 gxh5  1/2-1/2

[Event "Politiken Cup 2013"]
[Site "Helsingor DEN"]
[Date "2013.08.03"]
[Round "9.129"]
[White "Fredericia,Ellen"]
[Black "Egholm,Leif"]
[Result "1/2-1/2"]
[WhiteElo "1544"]
[BlackElo "1793"]

1.Nf3 Nf6 2.c4 c5 3.Nc3 g6 4.d4 cxd4 5.Nxd4 Nc6 6.Nf3 Bg7 7.e3 d6 8.Be2 a6
9.Rb1 Qc7 10.h3 Na5 11.Bd2 Nxc4 12.Qa4+ Bd7 13.Qxc4 Qd8 14.O-O O-O 15.a3 Bc6
16.Nd4 Bd7 17.Bf3 e5 18.Nde2 Be6 19.Qa4 d5 20.Ng3 b5 21.Qd1 h5 22.Re1 h4
23.Nf1 Qd7 24.e4 d4 25.Na2 Bxa2 26.Ra1 Be6 27.Bg5 Kh7 28.Bxh4 Rh8 29.Bg3 Ne8
30.Rc1 Rc8 31.Nd2 Kg8 32.Rxc8 Qxc8 33.Qc1 Bxh3 34.gxh3 Qxh3 35.Bg2 Qg4 36.Qc6 Nf6
37.Bxe5 Nh5 38.Bxg7 Nf4 39.e5 Kxg7 40.Qf3 Qh4  1/2-1/2

[Event "16th Olomouc Open"]
[Site "Olomouc CZE"]
[Date "2013.08.03"]
[Round "3.15"]
[White "Schmidt,Rau"]
[Black "Moshkov,Valery"]
[Result "1-0"]
[WhiteElo "2371"]
[BlackElo "2160"]

1.Nf3 c5 2.c4 Nf6 3.Nc3 b6 4.g3 Bb7 5.Bg2 e6 6.O-O Be7 7.d4 cxd4 8.Qxd4 d6
9.Rd1 a6 10.b3 Nbd7 11.Bb2 Qc7 12.Rac1 O-O 13.e4 Rad8 14.Qe3 Rfe8 15.Nd4 Bf8
16.h3 Qb8 17.Ba3 h6 18.f4 Qa8 19.Re1 Nc5 20.b4 Ncd7 21.Nb3 Rc8 22.Bf1 b5
23.cxb5 axb5 24.Na5 Rxc3 25.Rxc3 Bxe4 26.Rc7 Nd5 27.Qxe4 Nxc7 28.Qxa8 Rxa8
29.Rc1 Ra7 30.Bb2 e5 31.a3 exf4 32.Nc6 Ra8 33.Nd4 Nd5 34.Bxb5 Ne5 35.g4 g5
36.Nf5 Ne3 37.Nxe3 fxe3 38.Kf1 Bg7 39.Ke2 Ng6 40.Bxg7 Nf4+ 41.Kxe3 Kxg7 42.a4 Nd5+
43.Kd4 Nxb4 44.Rc4 Na6 45.Kd5 Nc5 46.Kxd6 Nb7+ 47.Kc7 Na5 48.Rc3 f5 49.gxf5 Kf6
50.Kb6 Kxf5 51.Ba6  1-0

[Event "5th Rethymno Open"]
[Site "Rethymno GRE"]
[Date "2013.08.03"]
[Round "8.4"]
[White "Banikas,H"]
[Black "Popilski,G"]
[Result "1-0"]
[WhiteElo "2609"]
[BlackElo "2506"]

1.Nf3 c5 2.c4 Nf6 3.Nc3 d5 4.cxd5 Nxd5 5.g3 Nc6 6.Bg2 Nc7 7.O-O e5 8.a3 f6
9.e3 Be7 10.d4 cxd4 11.exd4 exd4 12.Ne2 Ne6 13.b4 O-O 14.Bb2 d3 15.Nc1 a5
16.b5 Qb6 17.Qxd3 Ncd8 18.a4 Nf7 19.Nb3 Rd8 20.Qe2 Bb4 21.Rfd1 Bd7 22.Nfd2 Nd6
23.Nc4 Nxc4 24.Qxc4 Be8 25.Bd4 Qd6 26.Bxb7 Rab8 27.Bf3 Bf7 28.Ba7 Ng5 29.Qe2 Qe5
30.Bxb8 Rxb8 31.Nd4 Re8 32.Rac1 Qd6 33.Nf5 Rxe2 34.Nxd6 Nxf3+ 35.Kf1 Nxh2+
36.Kxe2 Bh5+ 37.f3  1-0

[Event "100th ch-GBR 2013"]
[Site "Torquay ENG"]
[Date "2013.08.03"]
[Round "6.27"]
[White "Rayner,F"]
[Black "Warman,S"]
[Result "1/2-1/2"]
[WhiteElo "2186"]
[BlackElo "2093"]

1.Nf3 c5 2.c4 Nf6 3.Nc3 g6 4.d4 Bg7 5.e4 O-O 6.Be2 d6 7.O-O Na6 8.Re1 Bg4
9.d5 Nc7 10.h3 Bxf3 11.Bxf3 e6 12.Bf4 exd5 13.exd5 Qd7 14.a4 a6 15.a5 Rab8
16.Na4 b5 17.axb6 Na8 18.b4 Nxb6 19.Nxc5 dxc5 20.bxc5 Nxc4 21.Bxb8 Rxb8 22.Rxa6 Qb5
23.Rc6 Nd7 24.Rc7 Nxc5 25.d6 Ne5 26.Qd5 Ncd3 27.Rc8+ Bf8 28.Rxb8 Qxb8 29.Rxe5 Nxe5  1/2-1/2

[Event "Politiken Cup 2013"]
[Site "Helsingor DEN"]
[Date "2013.08.04"]
[Round "10.13"]
[White "Svane,R"]
[Black "Arvola,B"]
[Result "1/2-1/2"]
[WhiteElo "2427"]
[BlackElo "2347"]

1.Nf3 c5 2.c4 Nf6 3.Nc3 e6 4.g3 b6 5.Bg2 Bb7 6.O-O Be7 7.d4 cxd4 8.Qxd4 d6
9.Bg5 O-O 10.Rfd1 Nbd7 11.Nb5 d5 12.cxd5 Nxd5 13.Bxe7 Qxe7 14.e4 N5f6 15.Nd6 Rab8
16.b4 Rfd8 17.Ng5 Nf8 18.e5 Ne8 19.Bxb7 Nxd6 20.exd6 Qxb7 21.Rac1 Rbc8 22.Rxc8 Rxc8
23.Qf4 Qd7 24.h4 h6 25.Nf3 Qa4 26.Rd2 Nd7 27.Qe4 Qb5 28.Rc2 Rxc2 29.Qxc2 Qd5
30.Qc7 Nf6 31.Kg2 g5 32.hxg5 hxg5 33.d7 Nxd7 34.Qd8+ Kg7 35.Qxg5+ Qxg5 36.Nxg5 Ne5
37.Ne4 Nc6 38.b5 Nd4 39.Nd6 f5 40.f4 Kf6 41.Kf2 e5 42.a4 exf4 43.gxf4 Ne6
44.Ke3 Nc5 45.Nc8 Nxa4 46.Kd4 Nc5 47.Nxa7 Ne6+ 48.Ke3 Nc7 49.Nc8 Nd5+ 50.Kd4 Ke6
51.Kc4 Nxf4 52.Nxb6 Kd6 53.Nc8+ Kd7 54.Na7 Ne6 55.Nc6 f4 56.Nd4 Nxd4 57.Kxd4 f3
58.Ke3 Kd6 59.Kxf3 Kc5 60.Ke3 Kxb5  1/2-1/2

[Event "XI Miguel Najdorf Open A 2013"]
[Site "Warsaw POL"]
[Date "2013.08.07"]
[Round "3.11"]
[White "Siekierski,P"]
[Black "Dworakowska,J"]
[Result "0-1"]
[WhiteElo "2024"]
[BlackElo "2316"]

1.Nf3 c5 2.c4 Nf6 3.Nc3 g6 4.g3 Bg7 5.Bg2 Nc6 6.O-O d6 7.d3 Bd7 8.Rb1 Qc8
9.Re1 Bh3 10.Bh1 h6 11.d4 cxd4 12.Nxd4 O-O 13.Nxc6 bxc6 14.e4 Ng4 15.Bg2 Bxg2
16.Kxg2 Rb8 17.Ne2 Qa6 18.Nd4 Qxa2 19.Qxg4 Qxb1 20.Bxh6 Qxe1 21.Bxg7 Rxb2
22.Qf4 Rxf2+ 23.Qxf2 Qxe4+  0-1

[Event "100th ch-GBR 2013"]
[Site "Torquay ENG"]
[Date "2013.08.08"]
[Round "10.10"]
[White "Emms,J"]
[Black "Haria,R"]
[Result "1/2-1/2"]
[WhiteElo "2469"]
[BlackElo "2133"]

1.Nf3 Nf6 2.c4 e6 3.Nc3 c5 4.g3 Nc6 5.Bg2 Be7 6.O-O d5 7.cxd5 Nxd5 8.d4 O-O
9.Nxd5 exd5 10.dxc5 Bxc5 11.Qc2 Bb6 12.Bg5 f6 13.Bd2 Be6 14.e3 Qd7 15.Bc3 Bf5
16.Qb3 Kh8 17.Rad1 Be4 18.Nd4 Bxg2 19.Kxg2 Bxd4 20.Bxd4 b6 21.Bc3 Rad8 22.Rd2 Qb7
23.Kg1 Ne5 24.Bxe5 fxe5 25.Rfd1 Qf7 26.f4 exf4 27.exf4 Qe7 28.Rxd5 Rxd5 29.Qxd5 Qe3+
30.Kh1 h6 31.Rd2 Re8 32.Kg2 Qe1 33.Qd3 Qc1 34.a3 Qe1 35.Rf2 Qe6 36.Qf3 Qf5
37.Rd2 Re1 38.Re2 Rc1 39.Rd2 Qb1 40.Kh3 Qf5+ 41.Kg2 Rc2 42.Re2 Kh7 43.h3 Rc1
44.Kh2 Rd1 45.Rf2 Qb1 46.f5 Rd6 47.Kg2 Qe1 48.Qe2 Qa5 49.Qe4 Kh8 50.Qe8+ Kh7
51.Qe4 Kh8 52.g4 Rd2 53.Re2 Rxe2+ 54.Qxe2 Qd5+ 55.Kf2 Qc5+ 56.Kf3 Qd5+ 57.Kg3 Qd6+
58.Kg2 Qc6+ 59.Qf3 Qc2+ 60.Qf2 Qc6+ 61.Kg3 Qd6+ 62.Qf4 Qd3+ 63.Kh4 Qe2 64.b4 Qe1+
65.Qg3 Qe7+ 66.g5 Qe4+ 67.Qg4 hxg5+ 68.Kxg5 Qe3+ 69.Qf4 Qxh3 70.Qh4+ Qxh4+
71.Kxh4 Kg8 72.Kg5 Kf7 73.a4 Ke7 74.Kg6 Kf8 75.Kg5 Ke7 76.b5 Kf7 77.Kf4 Kf8
78.Ke4 Ke8 79.Kd4 Kd8 80.Ke4 Ke8 81.Ke5 Ke7  1/2-1/2

[Event "Geraardsbergen Open 2013"]
[Site "Geraardsbergen BEL"]
[Date "2013.08.10"]
[Round "1"]
[White "Van Mechelen,J"]
[Black "Van De Putte,Ben"]
[Result "1-0"]
[WhiteElo "2179"]
[BlackElo "1744"]

1.Nf3 Nf6 2.c4 g6 3.Nc3 c5 4.d4 cxd4 5.Nxd4 Bg7 6.e4 Nc6 7.Be3 O-O 8.Be2 d6
9.O-O Nd7 10.Rc1 Ndb8 11.Nb3 Be6 12.Qd2 Ne5 13.Nd5 Na6 14.Rfd1 Nc7 15.h3 b6
16.Nd4 Bxd5 17.cxd5 Rc8 18.f4 Nd7 19.Nc6 Qe8 20.Nxa7 Nc5 21.Nxc8 Qxc8 22.Qc2  1-0

[Event "17th Godesberg Open"]
[Site "Bonn GER"]
[Date "2013.08.11"]
[Round "9.14"]
[White "Peter,Anton"]
[Black "Spreemann,R"]
[Result "1/2-1/2"]
[WhiteElo "1730"]
[BlackElo "2011"]

1.Nf3 c5 2.c4 Nf6 3.Nc3 b6 4.d4 cxd4 5.Nxd4 Bb7 6.Bg5 Ne4 7.Nxe4 Bxe4 8.f3 Bb7
9.e4 Nc6 10.Be2 g6 11.Qd2 Bg7 12.Nxc6 dxc6 13.O-O-O Qxd2+ 14.Rxd2 c5 15.Be3 Bc6
16.Kc2 O-O 17.Rhd1 h6 18.g3 a5 19.Kb3 a4+ 20.Kc2 Kh7 21.Bf1 Rfc8 22.Bh3 e6
23.Bf1 Bf6 24.Kb1 Ra5 25.Rc1 Kg7 26.Rf2 Bd4 27.Re2 e5 28.Bd2 Ra7 29.Bh3 Rf8
30.f4 f5 31.exf5 gxf5 32.fxe5 Be4+ 33.Ka1 Bxe5 34.Bxf5 a3 35.Bxe4 axb2+ 36.Kb1 bxc1=Q+
37.Bxc1 Bd4 38.Bd5 Rf2 39.Rxf2 Bxf2 40.Bf4 Bd4 41.Bc6 Re7 42.a4 Re1+ 43.Kc2 Re2+
44.Kd3 Rxh2 45.Ke4 h5 46.Bc7 Rb2 47.Bb5 Rb3 48.Kf5 Rf3+  1/2-1/2

[Event "III Joao Pessoa IM 2013"]
[Site "Joao Pessoa BRA"]
[Date "2013.08.11"]
[Round "5.4"]
[White "Molina,Jo"]
[Black "Cavalcanti,F"]
[Result "0-1"]
[WhiteElo "2141"]
[BlackElo "2289"]

1.Nf3 Nf6 2.c4 c5 3.Nc3 d5 4.cxd5 Nxd5 5.g3 Nc6 6.Bg2 Nc7 7.O-O e5 8.a3 Be7
9.b4 O-O 10.b5 Nd4 11.Nxe5 Ndxb5 12.Nxb5 Nxb5 13.Rb1 Nd6 14.d3 Bf6 15.Bb2 Re8
16.Nc4 Nxc4 17.Bxf6 Qxf6 18.dxc4 Qe7 19.Rb2 Rb8 20.Re1 Bg4 21.Bd5 g6 22.Qc1 Qf6
23.Rd2 g5 24.Qb2 Re5 25.Bg2 Be6 26.Rd6 Qg7 27.Qc2 Re8 28.e3 h5 29.Qa4 Re7
30.Rd8+ Kh7 31.Qd1 g4 32.Bd5 Bf5 33.Qd2 h4 34.Bg2 Be6 35.Qd3+ Bf5 36.Qd2 h3
37.Bf1 Be4 38.Qd6 R5e6 39.Qd2 Qf6 40.Rd1 Qf3  0-1

[Event "24th ch-NATO 2013"]
[Site "Rynia POL"]
[Date "2013.08.13"]
[Round "3.21"]
[White "Dekker,Ard"]
[Black "Keough,R"]
[Result "1-0"]
[WhiteElo "1908"]
[BlackElo "2077"]

1.Nf3 c5 2.c4 Nf6 3.Nc3 g6 4.g3 Bg7 5.Bg2 O-O 6.O-O d6 7.d3 Nc6 8.h3 e5 9.Kh2 Rb8
10.Ne1 Ne7 11.e4 Nh5 12.Bf3 Nf6 13.Bg2 Nd7 14.Nc2 a6 15.a4 b6 16.Ne3 f5 17.Ned5 Nxd5
18.Nxd5 f4 19.g4 Bb7 20.Nc3 Qh4 21.Bd2 Rf7 22.f3 Bf6 23.Rh1 Qh6 24.Be1 Bh4
25.Bxh4 Qxh4 26.Qe1 Qxe1 27.Rhxe1 g5 28.Kg1 Nf8 29.Kf2 Ne6 30.Ne2 Bc6 31.b3 b5
32.axb5 axb5 33.Ra6 Nd8 34.Ra3 Kf8 35.Rd1 Rfb7 36.Bf1 Be8 37.Ra6 Ke7 38.Nc3 bxc4
39.bxc4 Bc6 40.Raa1 Ne6 41.Rab1 Rb2+ 42.Rxb2 Rxb2+ 43.Be2 Rc2 44.Nb1 Nd4
45.Rd2 Rc1 46.Rd1 Rxd1 47.Bxd1 Kd7 48.Nc3 Kc7 49.Ne2 Nxe2 50.Kxe2 Kb6 51.Kd2 Ka5
52.Kc3 Be8 53.Bc2 Bd7 54.Bd1 Bc6 55.Bc2 Ba4 56.Bb3 Bd7 57.Bd1 Kb6 58.Bc2 Kc7
59.Bd1 Kb8 60.Bc2 Ka7 61.Bd1 Ka6 62.Bc2 Ka5 63.Bd1 Be8 64.Bc2 h5 65.Bd1 Kb6
66.Bc2 Kc7 67.Bd1 Kd8 68.Bc2 Ke7 69.Bd1 hxg4 70.hxg4 Bd7 71.Bc2 d5 72.cxd5 Kd6
73.Kc4 Be8 74.Bb3 Bd7 75.Kc3 Bc8 76.Ba4 Kc7 77.Kc4 Kd6 78.Kb5 Bd7+ 79.Ka5 Bc8
80.Kb6 Ke7 81.Kxc5 Ba6 82.Bb5 Bc8 83.d4 exd4 84.Kxd4 Bb7 85.e5 Bc8 86.Ke4 Kd8
87.Bc6 Kc7 88.Be8 Bb7 89.Bf7 Ba6 90.Kf5 Be2 91.Kxg5 Bxf3 92.Kxf4 Bd1 93.Kf5 Kd8
94.Be6 Ke7 95.d6+ Kf8 96.Kf6 Ke8 97.g5 Kd8 98.g6 Bh5 99.g7 Be8 100.d7  1-0

[Event "XI Miguel Najdorf Open A 2013"]
[Site "Warsaw POL"]
[Date "2013.08.13"]
[Round "9.9"]
[White "Pazderski,Z"]
[Black "Malisauskas,V"]
[Result "1/2-1/2"]
[WhiteElo "2232"]
[BlackElo "2455"]

1.Nf3 c5 2.c4 Nf6 3.Nc3 d5 4.cxd5 Nxd5 5.g3 Nc6 6.Bg2 Nc7 7.O-O e5 8.d3 Be7
9.Be3 O-O 10.Rc1 Bd7 11.Qb3 b6 12.Nd5 Nxd5 13.Qxd5 Rc8 14.Nxe5 Nxe5 15.Qxe5 Bf6
16.Qd5 Bxb2 17.Rc2 Bf6 18.Qb7 Rc7 19.Qa6 Be5 20.Rd1 Be6 21.Qa4 Qe8 22.Qe4 Bd6
23.d4 f5 24.Qh4 Qa4 25.Rdc1 Rfc8 26.Bf4 Be7 27.Qh3 Rd7 28.Be3 g6 29.dxc5 bxc5
30.Qh6 c4 31.Bd2 Bf6 32.Qe3 Bf7 33.Bf1 Qc6 34.Bc3 Re7 35.Qf4 Bd5 36.e3 Bxc3
37.Rxc3 Rec7 38.h4 Qe6 39.Rd1 Rc5 40.Rd4 Kg7 41.h5 Qf6 42.g4 fxg4 43.hxg6 Qxf4
44.Rxf4 h5 45.Bg2 Bxg2 46.Kxg2 Kxg6 47.Rd4 Kg5 48.Rd7  1/2-1/2